| 000 | 01033nam a2200229Ia 4500 | ||
|---|---|---|---|
| 001 | 17888 | ||
| 005 | 20260406155312.0 | ||
| 008 | 260306s9999||||xx |||||||||||||| ||und|| | ||
| 041 | _aESP | ||
| 082 |
_a658.3 _bCH548G 2020 |
||
| 100 |
_aChiavenato, Idalberto _eAUT |
||
| 245 | 0 |
_aGestión del talento humano: _bel nuevo papel de los recursos humanos en las organizaciones |
|
| 260 | _c2020 | ||
| 300 |
_a502 páginas : _c27 cm. |
||
| 650 | _aGEN | ||
| 654 | _aCAN | ||
| 856 |
_uhttps://itmsp.museknowledge.com/UCSP?url=https://www.ebooks7-24.com:443/?il=9350&pg=1 _zVersión digital |
||
| 856 |
_uhttps://0u213vc47-y-https-ebooks7--24-com.itmsp.museknowledge.com/biblioteca.aspx _zVéase además: Base de datos Ebook7-24 |
||
| 856 |
_uhttps://0u20fvc4b-y-https-research-ebsco-com.itmsp.museknowledge.com/c/qxo6us/search _zVéase además: Base de datos EBSCOhost |
||
| 856 |
_uhttps://0u20yvc4e-y-https-www-bibliotechnia-com-mx.itmsp.museknowledge.com/ _zVéase además: Base de datos BiblioTechnia |
||
| 942 |
_cLIB _dJUS _fJUS _2ddc |
||
| 999 |
_c17888 _d17888 |
||